000 00785nam a22002537a 4500
005 20170124110240.0
010 _a891028
020 _c00.00
_a0214203964
035 _a891028
037 _bCen Lib/Ret
040 _aDPL
_bEN
082 _a677
_bFIN
100 _aFinch, Karen
_994695
245 _aCaring for textiles /
_cby Karen Finch [and] Greta Putnam
246 _b
260 _aLondon
_bBarrie & Jenkins
_c1977
270 _bLondon
_a24, Hoghbury crescent
300 _a104p. :
_c25cm(Hb)
_bill.
_e
500 _aIncludes glossary and index
650 _aTextile fabrics -- Conservation and restoration.
_994696
650 _aTextiles et tissus -- Conservation.
_994697
700 _aPutnam, Greta
_994698
942 _2ddc
_cEN
_h677
_mFIN
999 _c135147
_d135147